Circulares informativas Can̨̤ & Can̨̤

Bibliographic Details
Format: eBook
Language:Spanish
Published: Bogot:̀ Can̨̤ & Can̨̤, 2016 -
Subjects:
Online Access:Acceso restringido

MARC

LEADER 00000nam a22000007a 4500
005 20170518131056.0
007 cr|||| ||||
008 170518c20169999co zx||os|||| 0|||b1spa d
035 |a 14631 
040 |a vLex 
090 |c 6660  |d 6660 
245 0 0 |a Circulares informativas Can̨̤ & Can̨̤  |h [Recurso electrn̤ico] 
256 |a Servicio en ln̕ea 
260 |a Bogot:̀  |b Can̨̤ & Can̨̤,  |c 2016 - 
300 |a 1 recurso electrn̤ico 
310 |a Irregular 
362 |a Nm︢. 1 (2016) - 
506 0 |a Contenido disponible en los productos indicados  |d vLex Global  |d vLex Global (Academic Edition, excluding Law Schools)  |d vLex Global (U.S. Academic Edition, Law Schools)  |d vLex Global (U.S. Academic Edition, excluding Law Schools)  |d vLex Global (Academic Edition, Law Schools) 
650 0 4 |a Derecho  |v Noticias  |z Colombia 
740 0 |a vLex Revistas (Servicio en ln̕ea) 
856 4 0 |u http://vlex.com/source/boletin-analisis-contenido-juridico-14631  |z Acceso restringido 
942 |c REV 
999 0 |a Law